000 00550nam a2200193Ia 4500
005 20260114185716.0
008 008 260114s9999 xx 000 0 eng d
020 _a9781350389847
037 _aEBOOK
040 _aCRL
_beng
_cCRL
041 _aeng
_2eng
084 _qCRL
100 _aSean Greenwood
_9873408
245 0 _aBritain and the Cold War, 1945-91
260 _bBloomsbury
_c1999
856 _uhttps://doi.org/10.5040/9781350389847?locatt=label:secondary_bloomsburyCollections
942 _cEBOOK
999 _c1472356
_d1472356